[Event "27.Schlosspark-Open"]
[Site "Wiesbaden-Biebrich"]
[Date "2015.08.28"]
[Round "2.81"]
[White "Diener, Carolin Valeria"]
[Black "Wachsmann, Elmar"]
[Result "1-0"]
[WhiteElo "1722"]
[BlackElo "1356"]
[PlyCount "99"]
[EventDate "2015.??.??"]
[WhiteTeam "SK Bad Homburg"]
[BlackTeam "SC Groß-Umstadt"]

1. e4 e5 2. Nf3 Nc6 3. Bb5 a6 4. Ba4 Nf6 5. d3 Bc5 6. O-O d6 7. c3 Bg4 8. h3
Bxf3 9. Qxf3 O-O 10. Be3 Bb6 11. Nd2 d5 12. exd5 Qxd5 13. Bxb6 cxb6 14. Qxd5
Nxd5 15. Nf3 b5 16. Bb3 Nf4 17. Rad1 Rad8 18. Bc2 Rd7 19. g3 Ng6 20. Rd2 Re8
21. Re1 b4 22. d4 bxc3 23. bxc3 Red8 24. Bxg6 hxg6 25. Nxe5 Re7 26. Nf3 Kf8 27.
Rxe7 Kxe7 28. Ng5 f6 29. Re2+ Kd7 30. Ne6 Rg8 31. Nc5+ Kc7 32. Rb2 Na5 33. Kg2
Re8 34. Kf3 Re1 35. Re2 Rc1 36. Ne6+ Kc6 37. Nxg7 Rxc3+ 38. Kg2 Kd5 39. Ne6 Nc6
40. Nf4+ Kxd4 41. Nxg6 Ra3 42. h4 Ra5 43. Nf4 Re5 44. h5 Rxe2 45. Nxe2+ Ke4 46.
g4 Ne5 47. Kg3 Nf7 48. Nf4 b5 49. Ne6 b4 50. Nc5+ 1-0

[Event "27.Schlosspark-Open"]
[Site "Wiesbaden-Biebrich"]
[Date "2015.08.28"]
[Round "2.82"]
[White "Börkey, Pierre"]
[Black "Starkbaum, Michael"]
[Result "1/2-1/2"]
[WhiteElo "1331"]
[BlackElo "1720"]
[PlyCount "123"]
[EventDate "2015.??.??"]
[WhiteTeam "Wiesbadener SV"]
[BlackTeam "Kreuznacher SV"]

1. d4 d5 2. c4 e6 3. Nf3 a6 4. Bf4 Nf6 5. e3 dxc4 6. Bxc4 b5 7. Bd3 Bb7 8. O-O
Be7 9. Nbd2 Nh5 10. Bg3 Nxg3 11. fxg3 c5 12. Be4 Bxe4 13. Nxe4 c4 14. Rc1 f5
15. Ne5 O-O 16. Nd2 Qc7 17. Qf3 Nd7 18. Nxd7 Qxd7 19. b3 Bb4 20. Nb1 Rac8 21.
a3 Be7 22. bxc4 Rxc4 23. Rxc4 bxc4 24. Rc1 Rc8 25. Qe2 Qd5 26. Rc3 Qb5 27. Qc2
Qa5 28. Kf2 Rb8 29. Rxc4 Bxa3 30. Nxa3 Qxa3 31. Rc8+ Rxc8 32. Qxc8+ Kf7 33.
Qd7+ Kf6 34. Qd8+ Qe7 35. Qa5 Qd6 36. Ke2 Qd5 37. Qxd5 exd5 38. Kd3 Ke6 39. Kc3
g5 40. Kb4 f4 41. gxf4 gxf4 42. exf4 Kf5 43. Kc5 Ke4 44. f5 Kxf5 45. Kxd5 a5
46. Kc5 a4 47. Kb4 Ke4 48. d5 Kxd5 49. Kxa4 Ke4 50. Kb3 Ke3 51. Kc2 Kf2 52. g4
Kf3 53. g5 Kf4 54. h4 Kg4 55. Kd2 Kxh4 56. Ke2 Kxg5 57. Kf2 Kg4 58. Kg2 h5 59.
Kh1 h4 60. Kh2 h3 61. Kh1 Kg3 62. Kg1 1/2-1/2

[Event "27.Schlosspark-Open"]
[Site "Wiesbaden-Biebrich"]
[Date "2015.08.28"]
[Round "2.83"]
[White "Tampe, Alexander"]
[Black "Deutsch, Volker"]
[Result "1/2-1/2"]
[WhiteElo "1719"]
[BlackElo "1329"]
[PlyCount "89"]
[EventDate "2015.??.??"]
[WhiteTeam "Schachforum Darmstadt"]
[BlackTeam "SK Gründau"]

1. e4 e5 2. Nf3 Nc6 3. Bc4 Bc5 4. c3 Nf6 5. d4 exd4 6. cxd4 Bb4+ 7. Bd2 Bxd2+
8. Nbxd2 d5 9. exd5 Nxd5 10. O-O O-O 11. Qc2 Bg4 12. Rfe1 Bh5 13. a3 Bg6 14.
Bd3 Bxd3 15. Qxd3 Qd7 16. Rad1 Qg4 17. Ne5 Nxe5 18. dxe5 Nf4 19. Qf3 Qxf3 20.
Nxf3 Rad8 21. g3 Nd3 22. Re2 Nc5 23. Red2 Ne6 24. Rxd8 Rxd8 25. Rxd8+ Nxd8 26.
Nd4 Ne6 27. Nxe6 fxe6 28. f4 Kf7 29. Kf2 c5 30. Ke3 g6 31. h4 h5 32. Kd3 b5 33.
b3 Ke7 34. a4 a6 35. Kc3 Kd7 36. Kd3 Kc6 37. Ke4 c4 38. bxc4 b4 39. Kd4 a5 40.
c5 b3 41. Kc3 b2 42. Kxb2 Kxc5 43. Kc3 Kd5 44. Kd3 Kc5 45. Kc3 1/2-1/2

[Event "27.Schlosspark-Open"]
[Site "Wiesbaden-Biebrich"]
[Date "2015.08.28"]
[Round "2.84"]
[White "Pantlowsky, Luisa"]
[Black "van Bömmel, Philipp"]
[Result "1/2-1/2"]
[WhiteElo "1261"]
[BlackElo "1714"]
[PlyCount "39"]
[EventDate "2015.??.??"]
[WhiteTeam "FC Bierstadt"]
[BlackTeam "SC Hattersheim"]

1. e4 c5 2. Nf3 d6 3. d4 cxd4 4. Nxd4 Nf6 5. Nc3 a6 6. Bg5 Nbd7 7. Be2 e6 8.
O-O Be7 9. f4 Qc7 10. Bg4 Nxg4 11. Qxg4 Qc5 12. Rad1 Nf6 13. Qg3 e5 14. fxe5
dxe5 15. Be3 exd4 16. Bxd4 Qh5 17. h3 Qg6 18. Qc7 Bxh3 19. Rf2 O-O 20. Qxe7
1/2-1/2

[Event "27.Schlosspark-Open"]
[Site "Wiesbaden-Biebrich"]
[Date "2015.08.28"]
[Round "2.85"]
[White "Kuschel, Heidi"]
[Black "Knödler, Marcel"]
[Result "1-0"]
[WhiteElo "1713"]
[BlackElo "1253"]
[PlyCount "87"]
[EventDate "2015.??.??"]
[WhiteTeam "SVG Lauterbach"]
[BlackTeam "FC Bierstadt"]

1. Nf3 d5 2. g3 Nf6 3. Bg2 e6 4. O-O Be7 5. b3 b5 6. Bb2 Bb7 7. e3 a6 8. d3
Nbd7 9. Nbd2 Bd6 10. c4 c6 11. d4 O-O 12. Ne5 Qc7 13. f4 c5 14. Rc1 dxc4 15.
bxc4 Bxg2 16. Kxg2 Qb7+ 17. Kg1 Ne4 18. Nxe4 Bxe5 19. Nxc5 Nxc5 20. fxe5 Rfd8
21. Qe2 Na4 22. c5 Nxb2 23. Qxb2 Qe4 24. Qf2 Ra7 25. Qf3 Qxf3 26. Rxf3 Rc8 27.
Rb1 Rc6 28. Rf2 Rb7 29. a4 Kf8 30. Rfb2 Rc8 31. axb5 axb5 32. Rxb5 Rbc7 33. Kf2
Ke7 34. Rb7 Kd7 35. Rxc7+ Rxc7 36. Rb6 Kd8 37. Kf3 g6 38. e4 Ke8 39. c6 Kd8 40.
d5 exd5 41. exd5 Rc8 42. d6 h6 43. c7+ Kd7 44. Rb8 1-0

[Event "27.Schlosspark-Open"]
[Site "Wiesbaden-Biebrich"]
[Date "2015.08.28"]
[Round "2.86"]
[White "Jahraus, Marlis"]
[Black "Ungurean, Daniela"]
[Result "1/2-1/2"]
[WhiteElo "1249"]
[BlackElo "1641"]
[PlyCount "57"]
[EventDate "2015.??.??"]
[WhiteTeam "SC Untergrombach"]
[BlackTeam "SK Geisenheim"]

1. e4 e5 2. Nf3 Nc6 3. Bb5 d6 4. d4 exd4 5. Nxd4 Bd7 6. Nc3 Nf6 7. Bxc6 bxc6 8.
O-O Be7 9. Re1 O-O 10. h3 c5 11. Nf3 Bc6 12. Nd5 Nxd5 13. exd5 Bd7 14. c4 Bf6
15. Rb1 Bf5 16. Ra1 h6 17. Re3 Re8 18. Rb3 Re7 19. Bd2 Bd7 20. Bc3 Ba4 21. Bxf6
gxf6 22. Nh4 Bxb3 23. Qg4+ Kh8 24. Nf5 Qf8 25. Nxe7 Qxe7 26. axb3 Kh7 27. Qf5+
Kg7 28. Qg4+ Kh7 29. Qf5+ 1/2-1/2

[Event "27.Schlosspark-Open"]
[Site "Wiesbaden-Biebrich"]
[Date "2015.08.28"]
[Round "2.87"]
[White "Kunkel, Wolfgang"]
[Black "Masoudi, Kian"]
[Result "0-1"]
[WhiteElo "1705"]
[BlackElo "1241"]
[PlyCount "80"]
[EventDate "2015.??.??"]
[WhiteTeam "SK Gießen"]
[BlackTeam "SC Bergen-Enkheim"]

1. f4 e5 2. e4 d5 3. exd5 Qxd5 4. Nc3 Qe6 5. Nf3 exf4+ 6. Qe2 Be7 7. Qxe6 fxe6
8. d4 Bd6 9. Bd3 a6 10. O-O Nc6 11. a3 h6 12. Ne4 g5 13. Nxd6+ cxd6 14. Bg6+
Kd8 15. c3 Nge7 16. Bh5 Rg8 17. Bd2 g4 18. Bxf4 gxf3 19. Rxf3 Kc7 20. Raf1 Bd7
21. Bg3 Nf5 22. Be1 Nce7 23. h3 Bc6 24. R3f2 Bb5 25. c4 Bxc4 26. Rc2 Ne3 27.
Rxc4+ Nxc4 28. Bh4 Nf5 29. Be1 Nce3 30. Rf2 Raf8 31. g4 Nxd4 32. Bd2 Rxf2 33.
Kxf2 Nd1+ 34. Ke1 Nxb2 35. Bc3 Nf3+ 36. Kf2 Na4 37. Bb4 Rf8 38. Ke3 Ng5 39. h4
Nh7 40. Bd2 Nf6 0-1

[Event "27.Schlosspark-Open"]
[Site "Wiesbaden-Biebrich"]
[Date "2015.08.28"]
[Round "2.88"]
[White "Porstendörfer, Yannik"]
[Black "Pade, Joachim"]
[Result "0-1"]
[WhiteElo "1200"]
[BlackElo "1676"]
[PlyCount "82"]
[EventDate "2015.??.??"]
[WhiteTeam "SK Klingenberg"]
[BlackTeam "SC Butzbach"]

1. e4 e6 2. d4 d5 3. e5 c5 4. c3 Nc6 5. Nf3 cxd4 6. cxd4 Bb4+ 7. Bd2 Bxd2+ 8.
Qxd2 Nge7 9. Bd3 h6 10. O-O Bd7 11. a3 Qc7 12. Nc3 a6 13. b4 Na7 14. Rfc1 Bc6
15. a4 O-O 16. b5 axb5 17. Nxb5 Qd8 18. Nd6 Nac8 19. Nb5 Bxb5 20. axb5 Rxa1 21.
Rxa1 Nb6 22. Ra7 Qc7 23. Qc2 Nc4 24. Bxc4 dxc4 25. Ra4 c3 26. Ra3 Rc8 27. Ne1
Nd5 28. Nd3 b6 29. Rb3 Ra8 30. g3 Qc4 31. Nb2 Ra1+ 32. Nd1 Nb4 33. Rxc3 Rxd1+
34. Qxd1 Qxc3 35. f4 Qe3+ 36. Kg2 Nd3 37. Qg1 Qe4+ 38. Kh3 h5 39. d5 Qf3 40. d6
Nxf4+ 41. Kh4 Qg4# 0-1

[Event "27.Schlosspark-Open"]
[Site "Wiesbaden-Biebrich"]
[Date "2015.08.28"]
[Round "2.89"]
[White "Lorenz, Hermann"]
[Black "Hegener, Daniel"]
[Result "1-0"]
[WhiteElo "1668"]
[BlackElo "1143"]
[PlyCount "61"]
[EventDate "2015.??.??"]
[WhiteTeam "SF Mainz"]
[BlackTeam "SC Eschborn"]

1. c4 Nf6 2. g3 c5 3. Bg2 g6 4. Nf3 Nc6 5. Nc3 Bg7 6. O-O O-O 7. a3 d6 8. e3
Bf5 9. d4 e6 10. Nh4 Qc7 11. Nxf5 exf5 12. Rb1 Rad8 13. Nb5 Qb6 14. d5 Ne5 15.
b3 a6 16. Nc3 Ne4 17. Nxe4 fxe4 18. Bxe4 f5 19. Bc2 Rde8 20. Bd2 Ng4 21. e4 Bd4
22. exf5 gxf5 23. Bf4 Nxf2 24. Rxf2 Bxf2+ 25. Kxf2 Rf6 26. Qh5 Ref8 27. Re1 Qd8
28. Bg5 h6 29. Re6 R8f7 30. Bxf6 Rxf6 31. Re8+ 1-0

[Event "27.Schlosspark-Open"]
[Site "Wiesbaden-Biebrich"]
[Date "2015.08.28"]
[Round "2.90"]
[White "Gießelbach, Christian"]
[Black "Reinisch, Markus"]
[Result "1-0"]
[WhiteElo "1083"]
[BlackElo "1644"]
[PlyCount "90"]
[EventDate "2015.??.??"]
[WhiteTeam "TuS Dotzheim"]
[BlackTeam "Wiesbadener SV"]

1. d4 d5 2. c4 e6 3. Nf3 Nf6 4. g3 Be7 5. Bg2 c6 6. Qc2 O-O 7. O-O b6 8. Nbd2
Bb7 9. e4 dxe4 10. Nxe4 Nbd7 11. Bf4 Nxe4 12. Qxe4 Nf6 13. Qc2 c5 14. Rad1 Qc8
15. dxc5 Bxc5 16. Rfe1 h6 17. Bd6 Rd8 18. Bxc5 Qxc5 19. b3 Rxd1 20. Rxd1 b5 21.
Nd2 Bxg2 22. Kxg2 Qc6+ 23. f3 Rd8 24. Re1 b4 25. Ne4 Nxe4 26. Rxe4 Qc5 27. Qf2
Qxf2+ 28. Kxf2 Rd2+ 29. Re2 Rd3 30. Rc2 Kf8 31. Ke2 Rd6 32. c5 Rc6 33. Rc4 a5
34. Ke3 Ke7 35. Kd4 Kd7 36. a3 bxa3 37. Ra4 Ra6 38. b4 Kc6 39. bxa5 Kb5 40.
Rxa3 Rc6 41. a6 e5+ 42. Kxe5 Rxc5+ 43. Kd6 Kb6 44. a7 Rc6+ 45. Ke7 Rc7+ 1-0

[Event "27.Schlosspark-Open"]
[Site "Wiesbaden-Biebrich"]
[Date "2015.08.28"]
[Round "2.91"]
[White "Lessmann, Sven"]
[Black "Bayer, Melissa"]
[Result "1/2-1/2"]
[WhiteElo "1627"]
[BlackElo "1108"]
[PlyCount "102"]
[EventDate "2015.??.??"]
[WhiteTeam "SC Bad Soden"]
[BlackTeam "SK Gründau"]

1. d4 d5 2. c4 e6 3. Nc3 Nf6 4. Nf3 c5 5. e3 Nc6 6. Be2 dxc4 7. Bxc4 Be7 8. O-O
O-O 9. d5 exd5 10. Nxd5 Nxd5 11. Bxd5 Qd6 12. b3 Bg4 13. Bb2 Rad8 14. e4 Bf6
15. Rb1 Nd4 16. Bxd4 Bxd4 17. h3 Bxf3 18. Qxf3 Qf6 19. Qxf6 Bxf6 20. Bxb7 Bd4
21. Bd5 Kh8 22. g4 g6 23. Kg2 f5 24. f3 fxe4 25. fxe4 Kg7 26. Rbd1 Rxf1 27.
Rxf1 Rf8 28. Rxf8 Kxf8 29. Kf3 Be5 30. Ke3 Ke7 31. g5 Kf8 32. Kf3 Kg7 33. Kg4
h5+ 34. gxh6+ Kxh6 35. Kf3 g5 36. Ke3 Kg6 37. Kd3 Kf6 38. Kc4 Bd6 39. a3 Be7
40. b4 cxb4 41. axb4 Ke5 42. b5 Bd6 43. Bc6 Be7 44. Kd3 Bc5 45. Ke2 Kf4 46. Kd3
Ke5 47. Kc4 Be7 48. Bd5 Bd6 49. Kb3 Be7 50. Ka4 Bd8 51. Kb4 Bb6 1/2-1/2

[Event "27.Schlosspark-Open"]
[Site "Wiesbaden-Biebrich"]
[Date "2015.08.28"]
[Round "2.92"]
[White "Moseler, Thomas"]
[Black "Porstendörfer, Eric"]
[Result "1-0"]
[WhiteElo "1621"]
[BlackElo "1060"]
[PlyCount "67"]
[EventDate "2015.??.??"]
[WhiteTeam "SK Lister Turm"]
[BlackTeam "SK Klingenberg"]

1. e4 e5 2. Nf3 Nc6 3. Bb5 d6 4. d4 a6 5. Bxc6+ bxc6 6. dxe5 d5 7. exd5 cxd5 8.
O-O g6 9. Bg5 Be7 10. Bxe7 Nxe7 11. Re1 O-O 12. Nc3 c6 13. Qd2 Rb8 14. b3 Re8
15. Rad1 Bg4 16. Qf4 Bxf3 17. Qxf3 d4 18. Ne4 Nd5 19. c4 dxc3 20. Nf6+ Kf8 21.
Nxe8 Kxe8 22. e6 f5 23. Qd3 Qg5 24. Qxa6 c5 25. Rxd5 c2 26. Qc6+ Kf8 27. Qxc5+
Ke8 28. Qxc2 h5 29. Qc6+ Kf8 30. Qd6+ Kg7 31. Qxb8 Qh4 32. e7 f4 33. e8=Q Kh6
34. Qh8# 1-0

[Event "27.Schlosspark-Open"]
[Site "Wiesbaden-Biebrich"]
[Date "2015.08.28"]
[Round "2.93"]
[White "Lochmann, Tobias"]
[Black "Wöhl, Torsten"]
[Result "0-1"]
[WhiteElo "713"]
[BlackElo "1621"]
[PlyCount "56"]
[EventDate "2015.??.??"]
[WhiteTeam "SV Groß-Gerau"]
[BlackTeam "SC Groß-Zimmern"]

1. e4 e6 2. Nc3 d5 3. Bb5+ c6 4. Ba4 d4 5. Nce2 Nf6 6. d3 Qa5+ 7. c3 dxc3 8.
bxc3 Be7 9. Nf3 O-O 10. O-O Rd8 11. Bd2 Nbd7 12. c4 Qc7 13. Bc2 Ne5 14. Ned4
Bc5 15. Be3 Nfg4 16. Bf4 Bxd4 17. Nxe5 Nxe5 18. Qd2 Bxa1 19. Rxa1 f6 20. d4 Qd6
21. Rd1 Nxc4 22. Bxd6 Nxd2 23. Bb4 Nc4 24. Bb3 b5 25. Rc1 Rxd4 26. Bc2 Ne3 27.
Bc5 Nxc2 28. Rxc2 Rd1# 0-1